000 01004nam a2200301 i 4500
001 000012734
003 DO-SdBNP
005 20260304121117.0
007 ta
008 091116s1986 dr 001 f spa d
040 _aDO-SdBNP
_bspa
_cBNPHU
_erda
041 _hspa
082 4 _aRD863.44
_bN714u
_222
100 1 _aNina T., Ramón
_eautor
_929503
_4aut.
245 1 3 _aEl último sueño de Dionisio Patrón /
_cRamón Nina T.
264 _aSanto Domingo, República Dominicana :
_bBiblioteca Nacional Pedro Henríquez Ureña (BNPHU),
_c1986.
300 _a78 páginas ;
_c21 cm.
336 _atexto
_btxt
_2rdacontent
337 _asin mediación
_bn
_2rdamedia
338 _avolumen
_bn
_2rdacarrier
490 0 _aColección Orfeo
590 _aInventariado, 2020/MAA
650 7 _aNovela dominicana
_9223
_2LEMB
650 7 _aLiteratura dominicana.
_967
_2LEMB
710 2 _aBiblioteca Nacional Pedro Henríquez Ureña
_981292
910 _aValidado. Control de calidad MFF
942 _2ddc
_cLBS1
999 _c12385
_d12385